000 00530nam a2200181Ia 4500
001 15355
005 20260306170150.0
008 260306t2016||||xx |||||||||||||| ||und||
041 _aESP
082 _a532.05
_bB58
100 _aBird, R. Byron
_eAUT
245 0 _aFenómenos de transporte:
_bun estudio sistemático de los fundamentos del transporte de materia, energía y cantidad de movimiento
260 _c2016
300 _avarias paginaciones :
_c22 cm.
650 _aGEN
654 _aCCN
942 _cLIB
_dJUS
_fJUS
_2ddc
_n
999 _c15355
_d15355